Siglas de Videojuegos - Estadísticas

Estadísticas generales
  • Esta prueba ha sido intentada 340 veces
  • La puntuación promedio es 12 de 30
Estadísticas de respuestas
Hint Respuesta % Correcto
COD Call Of Duty
80%
CS2 Counter Strike 2
78%
GTA Grand Theft Auto
77%
RDR2 Red Dead Redemption 2
75%
PKMN Pokémon
67%
FNAF Five Nights At Freddys
66%
TLOU The Last Of Us
66%
GOW God Of War
64%
NFS Need For Speed
58%
PES Pro Evolution Soccer
49%
L4D Left for Dead
48%
PVZ Plantas Vs Zombies
47%
TWD The Walking Dead
43%
MC Minecraft
42%
RL Rocket League
42%
TF2 Team Fortress 2
40%
FN Fortnite
39%
RE Resident Evil
28%
FF Final Fantasy
25%
HL Half Life
25%
TLOZ The Legend Of Zelda
25%
COC Clash Of Clans
24%
DBD Dead By Daylight
22%
PUBG Playerunknowns Battlegrounds
19%
FNF Friday Night Funkin
18%
LS4 Los Sims 4
13%
PZ Project Zomboid
13%
BS Brawl Stars
11%
SSB Super Smash Bros
11%
B4B Back 4 Blood
8%
No se encontraron pruebas coincidentes
Distribución de puntuación
Porcentaje de gente con cada puntuación
Porcentaje por número respondido
Historial de tus puntuaciones
No has intentado esta prueba.